000 00888nam a22002297a 4500
005 20240530110919.0
008 220221s2007 ua a g b 000 0 ara d
020 _a9789953870793
040 _aEG-CaGPL
_cEG-CaGPL
082 0 4 _221
_a338.27282 /
_bم ع
100 1 _aمارسيل ، فاليرى
245 1 0 _aعمالقة النفط :
_bشركات النفط الوطنية فى الشرق الاوسط /
_cتاليف فاليرى مارسيل ؛ ترجمة حسان البستانى
250 _aط.1
260 _aالقاهرة :
_bالدار العربية للعلوم - ناشرون،
_c2007
300 _a391 ص؛
_c24 سم
650 0 7 _aالبترول
_2qrmak
650 0 7 _aالبترول
_2qrmak
_zالشرق الاوسط
651 _2qrmak
700 0 _aحسان البستانى
_eمترجم
942 _2ddc
_cBK
999 _c66441
_d66441